Historia antigua de Oriente y Grecia

Wedi'i Gadw mewn:
Manylion Llyfryddiaeth
Prif Awdur: Montebruno López, Julio (autor)
Fformat: Llyfr
Iaith:Sbaeneg
Cyhoeddwyd: Santiago, Chile Imprenta Universitaria 1919
Pynciau:
Tagiau: Ychwanegu Tag
Dim Tagiau, Byddwch y cyntaf i dagio'r cofnod hwn!

MARC

LEADER 00000nam a2200000 a 4500
001 UCJ5842
003 CL-VaPUC
005 20240611105636.0
008 070124e19190000CL |||||||||||||||||spa|d
999 |c 321950  |d 321948 
040 |c Pontificia Universidad Católica de Valparaíso 
082 0 4 |a 901 MON 1919  |2 21 
100 |a Montebruno López, Julio  |e autor  |9 511670 
245 1 0 |a Historia antigua de Oriente y Grecia 
260 |a Santiago, Chile  |b Imprenta Universitaria  |c 1919 
300 |a 182 páginas 
500 |a Ilustraciones de regular calidad 
583 |a last modification  |c 20070124 00:00:00  |k Rodrigo Vera 
650 0 |a Historia antigua  |9 267521 
650 0 |a Arqueología   |9 265619 
650 7 |a DESARROLLO CULTURAL  |2 CL-VaPUC  |9 329701 
650 0 |a Arte  |9 265238 
651 0 |a Grecia  |9 265314 
651 0 |a Roma   |9 255106 
651 7 |a ASIRIA  |2 CL-VaPUC  |9 357602 
651 7 |a BABILONIA  |2 CL-VaPUC  |9 322408 
942 |c BK  |2 ddc 
945 |d 20070124 00:00:00  |a rinostro 
952 |0 0  |1 0  |4 0  |6 901_000000000000000_MON_1919  |7 0  |8 X  |9 400842  |a FDOBUD  |b FDOBUD  |d 2019-11-22  |i 1040332  |o 901 MON 1919  |p 1040332  |r 2019-11-22  |w 2019-11-22  |y BK_X  |k BUD